00319nam a2200121Ia 4500008004100000020001500041041001200056100001800068245006200086260003300148300000800181650000800189221030s9999 xx 000 0 und d a8126509157 aEnglish aJ. P. Uyemura 0aIntroduction to VLSI Circuits & Systemscby J. P. Uyemura bWilley Pub.aNew Delhic2015 a642 aECE